Landen en Lanstreken - Statistieken

Algemene statistieken
  • Deze quiz is 10 keer genomen
  • De gemiddelde score is 39 van 114
Antwoorden op de kaart
Antwoorden kleurgecodeerd door een groen-rode schaal op de quizkaart volgens % correct hieronder.
 
Antwoordstatistieken
Antwoord % Correct
Georgië
71%
Argentinië
57%
Armenië
57%
Australië
57%
Cuba
57%
Duitsland
57%
Egypte
57%
Estland
57%
Hongarije
57%
IJsland
57%
Italië
57%
Oostenrijk
57%
Roemenië
57%
Afghanistan
43%
Angola
43%
Bangladesh
43%
België
43%
Bolivia
43%
Cambodja
43%
Canada
43%
China
43%
Colombia
43%
Cyprus
43%
Ecuador
43%
Eritrea
43%
Ethiopië
43%
Filipijnen
43%
Finland
43%
Haiti
43%
Indonesië
43%
Irak
43%
Japan
43%
Kenia
43%
Koeweit
43%
Kroatië
43%
Laos
43%
Letland
43%
Macedonië
43%
Nieuw-Zeeland
43%
Oekraine
43%
Panama
43%
Rusland
43%
Rwanda
43%
Servië
43%
Syrië
43%
Tanzania
43%
Turkije
43%
Verenigde Arabische Emiraten
43%
Verenigde Staten
43%
Vietnam
43%
Zuid-Korea
43%
Zweden
43%
Albanië
29%
Algerije
29%
Bahama's
29%
Brazilië
29%
Bulgarije
29%
Burundi
29%
Chili
29%
Denemarken
29%
Frankrijk
29%
Griekenland
29%
Guatemala
29%
Ierland
29%
India
29%
Iran
29%
Israël
29%
Jordanië
29%
Kameroen
29%
Libië
29%
Montenegro
29%
Namibië
29%
Nederland
29%
Nigeria
29%
Oeganda
29%
Oost-Timor
29%
Paraguay
29%
Peru
29%
Polen
29%
Saudi-Arabië
29%
Senegal
29%
Slovenië
29%
Slowakije
29%
Spanje
29%
Sri Lanka
29%
Thailand
29%
Tsjaad
29%
Tunesië
29%
Uruguay
29%
Venezuela
29%
Verenigd Koninkrijk
29%
Zimbabwe
29%
Zuid-Afrika
29%
Zuid-Soedan
29%
Zwitserland
29%
Jemen
14%
Kazachstan
14%
Libanon
14%
Litouwen
14%
Luxemburg
14%
Mozambique
14%
Nepal
14%
Nicaragua
14%
Noorwegen
14%
Oezbekistan
14%
Oman
14%
Portugal
14%
Soedan
14%
Somalië
14%
Suriname
14%
Wit-Rusland
14%
Bosnië
0%
Noord-Korea
0%
Pakistan
0%
Geen overeenkomende quizzen gevonden
Scoreverdeling
Procent van Mensen met Elke Score
Percentiel versus Aantal Correcte Antwoorden
Uw Scoregeschiedenis
U heeft deze quiz nog niet genomen